[Event "CAMPEONATO DE EUSKADI ABSOLUTO"]
[Site "Zornotza"]
[Date "2009.04.17"]
[Round "5.1"]
[White "Gomez Esteban, Juan Mario"]
[Black "Argandona Riveiro, Inigo"]
[Result "1/2-1/2"]
[WhiteElo "2495"]
[BlackElo "2371"]
[PlyCount "105"]
[EventDate "2009.04.13"]

1. d4 d5 2. c4 c6 3. Nc3 Nf6 4. e3 g6 5. Nf3 Bg7 6. Bd3 O-O 7. O-O dxc4 8. Bxc4
Bg4 9. h3 Bxf3 10. Qxf3 Nbd7 11. Rd1 e5 12. Bb3 exd4 13. exd4 Nb6 14. Bg5 Qd6
15. Bf4 Qd8 16. Be5 Nbd5 17. Rac1 Rc8 18. Rc2 Qd7 19. Re2 Rcd8 20. Rde1 Rfe8
21. h4 h5 22. g3 Qg4 23. Qxg4 hxg4 24. Kg2 Rd7 25. f3 gxf3+ 26. Kxf3 Red8 27.
g4 Nxc3 28. bxc3 Nd5 29. Bxd5 cxd5 30. Bxg7 Kxg7 31. Re7 Kf8 32. Rxd7 Rxd7 33.
h5 Kg7 34. Kf4 Rc7 35. Re3 gxh5 36. gxh5 Kh6 37. Kf5 a6 38. Rh3 Re7 39. Kf6 Re2
40. a4 Ra2 41. Kxf7 Rxa4 42. Ke6 Ra5 43. Re3 Rb5 44. Re5 Rb3 45. Rxd5 Rxc3 46.
Ra5 Re3+ 47. Kd6 Rh3 48. Kc7 Rd3 49. Rd5 b5 50. Kb6 b4 51. Kxa6 b3 52. Rb5 Rxd4
53. Rxb3 1/2-1/2

[Event "CAMPEONATO DE EUSKADI ABSOLUTO"]
[Site "Zornotza"]
[Date "2009.04.17"]
[Round "5.2"]
[White "Martin Alvarez, Inigo"]
[Black "Sarralde Osua, Rodrigo"]
[Result "1/2-1/2"]
[WhiteElo "2236"]
[BlackElo "2190"]
[PlyCount "67"]
[EventDate "2009.04.13"]

1. e4 c5 2. Nf3 d6 3. d4 cxd4 4. Nxd4 Nf6 5. Nc3 g6 6. Be3 Bg7 7. f3 O-O 8. Qd2
Nc6 9. O-O-O d5 10. Kb1 Nxd4 11. e5 Nf5 12. exf6 Bxf6 13. Nxd5 Qxd5 14. Qxd5
Nxe3 15. Qd3 Nxd1 16. Qxd1 Be6 17. Bb5 a6 18. Ba4 Rfd8 19. Qe2 Rd6 20. Bb3 Rad8
21. g3 Rd2 22. Qe1 Bxb3 23. axb3 R8d6 24. h4 h6 25. Qe3 Kg7 26. f4 Rg2 27. Qf3
Rdd2 28. Rc1 b5 29. b4 Rdf2 30. Qe3 h5 31. Qb6 Rd2 32. Qxa6 Rxg3 33. Qxb5 Rb3
34. cxb3 1/2-1/2

[Event "CAMPEONATO DE EUSKADI ABSOLUTO"]
[Site "Zornotza"]
[Date "2009.04.17"]
[Round "5.3"]
[White "Limeres Guiance, Cristobal"]
[Black "Astasio Lopez, David"]
[Result "0-1"]
[WhiteElo "2309"]
[BlackElo "2250"]
[PlyCount "45"]
[EventDate "2009.04.13"]

1. d4 d5 2. c4 e6 3. Nc3 Nf6 4. Bg5 Nbd7 5. e3 c6 6. cxd5 exd5 7. Bd3 Bd6 8.
Nge2 O-O 9. Qc2 h6 10. Bf4 Bxf4 11. Nxf4 Re8 12. O-O-O Qe7 13. Rhe1 Qd6 14. h4
Nb6 15. f3 Nc4 16. Bxc4 dxc4 17. Kb1 b5 18. g4 b4 19. Na4 Nd5 20. Nxd5 cxd5 21.
Qg2 Qg6+ 22. Ka1 h5 23. gxh5 0-1

[Event "CAMPEONATO DE EUSKADI ABSOLUTO"]
[Site "Zornotza"]
[Date "2009.04.17"]
[Round "5.4"]
[White "Alvarez Ibarra, Rafael"]
[Black "Trigo Urquijo, Sergio"]
[Result "1-0"]
[WhiteElo "2377"]
[BlackElo "2216"]
[PlyCount "59"]
[EventDate "2009.04.13"]

1. d4 d5 2. Nf3 c6 3. c4 Nf6 4. Nc3 a6 5. c5 Nbd7 6. Bf4 Nh5 7. Bd2 Nhf6 8. Rc1
Qc7 9. g3 e5 10. Nxe5 Nxe5 11. Bf4 Nfd7 12. e4 g5 13. Bxg5 Bg7 14. Bg2 dxe4 15.
dxe5 Qxe5 16. Bf4 Qe6 17. Bd6 f5 18. O-O Ne5 19. f3 e3 20. Re1 Nc4 21. Bf4 Nxb2
22. Qc2 Nc4 23. Na4 Na3 24. Qd3 Nb5 25. Nb6 Ra7 26. Nxc8 Qxc8 27. Qxe3+ Kf7 28.
Qe7+ Kg8 29. Rcd1 Nd4 30. Be5 1-0

[Event "CAMPEONATO DE EUSKADI ABSOLUTO"]
[Site "Zornotza"]
[Date "2009.04.17"]
[Round "5.6"]
[White "Ruiz Gomez, Alejandro"]
[Black "Arias Garcia, Luis Javier"]
[Result "1-0"]
[WhiteElo "2363"]
[BlackElo "2203"]
[PlyCount "65"]
[EventDate "2009.04.13"]

1. e4 c5 2. Nf3 d6 3. Bc4 e6 4. O-O Nf6 5. Re1 Be7 6. c3 Nc6 7. Bb3 O-O 8. d4
e5 9. h3 Qc7 10. Bg5 Bd7 11. Nbd2 b5 12. a3 a5 13. Nf1 a4 14. Ba2 Na5 15. dxe5
dxe5 16. Nxe5 Bxh3 17. Nxf7 c4 18. e5 Rxf7 19. Qf3 Rd8 20. exf6 gxf6 21. Bf4
Qb7 22. Qxb7 Nxb7 23. gxh3 Rd3 24. Bb1 Rxh3 25. Bf5 Rg7+ 26. Ng3 Rh4 27. Bb8
Nc5 28. Rad1 Nd3 29. Bxd3 cxd3 30. Rxd3 h5 31. Rd5 Kh7 32. Kg2 Bf8 33. Rd8 1-0

[Event "CAMPEONATO DE EUSKADI ABSOLUTO"]
[Site "Zornotza"]
[Date "2009.04.17"]
[Round "5.7"]
[White "Agirretxe San Sebastian, Jesus"]
[Black "Huerga Leache, Mikel"]
[Result "0-1"]
[WhiteElo "2173"]
[BlackElo "2451"]
[PlyCount "132"]
[EventDate "2009.04.13"]

1. d4 Nf6 2. c4 e6 3. Nf3 Bb4+ 4. Nbd2 b6 5. g3 Bb7 6. Bg2 O-O 7. O-O Re8 8. a3
Bxd2 9. Qxd2 d6 10. b3 Nbd7 11. Bb2 Be4 12. Rfd1 a5 13. Qc3 Qc8 14. Bh3 Bf5 15.
Bg2 Be4 16. Bh3 a4 17. b4 Bf5 18. Bg2 Be4 19. Bh3 d5 20. Nd2 Bf5 21. Bg2 c6 22.
Re1 b5 23. e4 dxe4 24. Nxe4 Bxe4 25. Bxe4 Nb6 26. Bd3 bxc4 27. Bxc4 Nfd5 28.
Qc2 Nxc4 29. Qxc4 Qa6 30. Rac1 Qxc4 31. Rxc4 Ra6 32. Rec1 Ne7 33. Rc5 Rb8 34.
Bc3 Rb5 35. Bd2 Rab6 36. g4 Rxc5 37. Rxc5 Rb5 38. Rc2 Rd5 39. Be3 Kf8 40. f3
Ke8 41. Kf2 Kd7 42. Ke2 Nc8 43. Bc1 Nd6 44. Bb2 Kc7 45. Rc5 f6 46. Bc3 Nb5 47.
Bb2 Kd6 48. Ke3 Rxc5 49. dxc5+ Kd5 50. Kd3 e5 51. h4 g6 52. Bc1 Nd4 53. Ke3 Ne6
54. Kd3 Nd4 55. Ke3 h5 56. Bb2 Ne6 57. Ba1 Nf4 58. Kf2 f5 59. gxf5 gxf5 60. Bc3
Kc4 61. Bd2 Ne6 62. Bc1 Kc3 63. Ke2 Nd4+ 64. Ke3 Nb5 65. Bd2+ Kc2 66. Be1 Nxa3
0-1

[Event "CAMPEONATO DE EUSKADI ABSOLUTO"]
[Site "Zornotza"]
[Date "2009.04.17"]
[Round "5.8"]
[White "Nava Pereda, Carlos"]
[Black "Galzagorri Uli, Yeray"]
[Result "1/2-1/2"]
[WhiteElo "2296"]
[BlackElo "2263"]
[PlyCount "147"]
[EventDate "2009.04.13"]

1. c4 e5 2. Nc3 Bb4 3. e3 Bxc3 4. bxc3 d6 5. d4 Nc6 6. Bd3 Qe7 7. Ne2 f5 8. O-O
Nf6 9. Ba3 O-O 10. c5 d5 11. Rb1 e4 12. Bc2 Nd8 13. c4 c6 14. cxd5 Nxd5 15. Bc1
Nf7 16. Bd2 Be6 17. Bb3 Rad8 18. Bxd5 Bxd5 19. Qa4 a6 20. Nf4 Ng5 21. Ba5 Rd7
22. Nxd5 Rxd5 23. Qb3 Rf7 24. Bc3 Qf6 25. Kh1 f4 26. exf4 Qxf4 27. Bb2 Ne6 28.
Qe3 Rdf5 29. Bc1 Qh4 30. f3 exf3 31. gxf3 Qh3 32. Bd2 Rxf3 33. Rxf3 Rxf3 34.
Qe2 Qf5 35. Re1 Nf8 36. Kg2 Ra3 37. Rf1 Qd7 38. Qc4+ Qd5+ 39. Qxd5+ cxd5 40.
Bf4 Rxa2+ 41. Kg3 Ne6 42. Be5 Rb2 43. Ra1 Kf7 44. Kf3 Rb3+ 45. Ke2 Nd8 46. Rf1+
Kg8 47. Rg1 g6 48. Kd2 Nc6 49. Rg5 Kf7 50. Bh8 Ke6 51. Rg1 Rf3 52. Re1+ Kd7 53.
Re2 Ra3 54. Kc1 Rf3 55. Bg7 Rf4 56. Rd2 Ke6 57. Re2+ Re4 58. Rb2 Na5 59. Rb6+
Kf7 60. Be5 g5 61. Rf6+ Ke7 62. Rd6 Nc4 63. Rxd5 Nxe5 64. dxe5 Rh4 65. Rd6 Rc4+
66. Kd2 Rh4 67. Rb6 Rxh2+ 68. Kd3 Rh1 69. Ke4 Re1+ 70. Kf5 Rf1+ 71. Kxg5 a5 72.
Rxb7+ Ke6 73. Ra7 Kxe5 74. Rxa5 1/2-1/2

[Event "CAMPEONATO DE EUSKADI ABSOLUTO"]
[Site "Zornotza"]
[Date "2009.04.17"]
[Round "5.9"]
[White "Gutierrez Bustillo, Diego"]
[Black "Hernandez Perez, Jesus"]
[Result "1-0"]
[WhiteElo "2004"]
[BlackElo "2061"]
[PlyCount "99"]
[EventDate "2009.04.13"]

1. e4 c5 2. Nc3 Nc6 3. g3 g6 4. Bg2 Bg7 5. d3 d6 6. f4 e6 7. Nf3 Nge7 8. O-O
O-O 9. Be3 b6 10. Qd2 f5 11. e5 d5 12. Nb5 Bd7 13. c4 d4 14. Bf2 a6 15. Nd6 Nc8
16. Nxc8 Rxc8 17. h3 Ne7 18. b4 Bc6 19. Rab1 h6 20. Rb3 Rb8 21. Rfb1 Qc7 22.
Qb2 Ba4 23. Ra3 b5 24. cxb5 Bxb5 25. Rc1 Bd7 26. Bxd4 Rfc8 27. Rac3 Nd5 28.
Rxc5 Qd8 29. a3 Bf8 30. Rxc8 Bxc8 31. Nd2 a5 32. b5 a4 33. Ba7 Rb7 34. Bc5
Bxc5+ 35. Rxc5 Qb6 36. d4 Bd7 37. Nc4 Qa7 38. Bxd5 exd5 39. Nd6 Rb8 40. Rxd5
Be6 41. Rc5 Qa5 42. Qc3 Qd8 43. d5 Bd7 44. e6 Bxe6 45. dxe6 Qxd6 46. Rc8+ Rxc8
47. Qxc8+ Qf8 48. Qxf8+ Kxf8 49. b6 Ke7 50. b7 1-0

[Event "CAMPEONATO DE EUSKADI ABSOLUTO"]
[Site "Zornotza"]
[Date "2009.04.17"]
[Round "5.10"]
[White "Sanz Perez, Eduardo"]
[Black "Villalta Bustillo, Igor"]
[Result "0-1"]
[WhiteElo "2177"]
[BlackElo "2169"]
[PlyCount "54"]
[EventDate "2009.04.13"]

1. f4 d5 2. e3 Nf6 3. Nf3 g6 4. d4 Bg7 5. Bd3 Bg4 6. h3 Bf5 7. g4 Bxd3 8. Qxd3
O-O 9. Nbd2 Nbd7 10. Ne5 c6 11. Rg1 Nxe5 12. dxe5 Nd7 13. h4 f6 14. h5 fxe5 15.
hxg6 exf4 16. gxh7+ Kh8 17. exf4 Rxf4 18. g5 Qb6 19. Rf1 Raf8 20. c3 Rxf1+ 21.
Nxf1 Qf2+ 22. Kd1 Qxf1+ 23. Qxf1 Rxf1+ 24. Ke2 Rh1 25. g6 Bh6 26. Bxh6 Rxa1 27.
Be3 Kg7 0-1

[Event "CAMPEONATO DE EUSKADI ABSOLUTO"]
[Site "Zornotza"]
[Date "2009.04.17"]
[Round "5.12"]
[White "Arana Garate, Jon"]
[Black "Lopez Rojas, Salvador"]
[Result "0-1"]
[WhiteElo "1966"]
[BlackElo "1798"]
[PlyCount "60"]
[EventDate "2009.04.13"]

1. d4 d5 2. Nf3 Nf6 3. c4 e6 4. Nc3 Be7 5. Bf4 Nh5 6. Bg3 Nd7 7. e3 Nxg3 8.
hxg3 Nf6 9. Qc2 a6 10. cxd5 exd5 11. Bd3 g6 12. Ne5 Qd6 13. Rc1 c5 14. Qa4+ Kf8
15. Bxg6 fxg6 16. Nxg6+ hxg6 17. Rxh8+ Kg7 18. Rh1 c4 19. Ne2 Bg4 20. f3 Bd7
21. Qd1 Re8 22. Kf2 Rf8 23. Kg1 Nh5 24. Kf2 Bf5 25. Nf4 Nxg3 26. Kxg3 g5 27.
Kf2 gxf4 28. Qd2 Bg5 29. e4 dxe4 30. Qa5 Qxd4+ 0-1

[Event "CAMPEONATO DE EUSKADI ABSOLUTO"]
[Site "Zornotza"]
[Date "2009.04.17"]
[Round "5.13"]
[White "Galarza Cenzano, Inigo"]
[Black "Torres Garcia, Koldo"]
[Result "1-0"]
[WhiteElo "2037"]
[BlackElo "2043"]
[PlyCount "85"]
[EventDate "2009.04.13"]

1. e4 c6 2. f4 d5 3. Nc3 dxe4 4. Nxe4 Nf6 5. Nf2 h5 6. Nf3 Qc7 7. Nd3 Nd5 8. g3
Bf5 9. b3 Nd7 10. Bb2 e6 11. a3 f6 12. Qe2 O-O-O 13. O-O-O Qa5 14. b4 Qa4 15.
Nd4 Bg4 16. Qf2 e5 17. fxe5 fxe5 18. Ne2 e4 19. Ndf4 Bxb4 20. Nxd5 cxd5 21.
axb4 Rhf8 22. Qd4 Rxf1 23. Rdxf1 Bxe2 24. Rf7 Kb8 25. Qxd5 Bd3 26. Qb3 Qc6 27.
Qc3 Qe6 28. Rxd7 Qxd7 29. Qe5+ Ka8 30. cxd3 exd3 31. Kb1 Rc8 32. Rc1 Rxc1+ 33.
Kxc1 Qc6+ 34. Kb1 Qc2+ 35. Ka2 Qc4+ 36. Ka1 b6 37. Qxg7 a5 38. Qd4 Qb5 39. bxa5
bxa5 40. Qd8+ Kb7 41. Qe7+ Ka8 42. Qe4+ Kb8 43. Qe5+ 1-0